000 00290nam a22001337a 4500
008 171103b xxu||||| |||| 00| 0 eng d
020 _a9780324362725
041 _aeng
080 _a339.138
100 _a60
101 _aMAR
245 _aMARKETING STRATEGY
_cFERREL.O
942 _2udc
_cBK
999 _c37569
_d37569